000 00658nam a2200241Ia 4500
003 OSt
005 20220923224407.0
006 a|||||r|||| 00| 0
007 ta
008 Pun
024 _a231,919
037 _cTextual
040 _aARTS
_cARTS
_bPun
041 _2Pun
_aPun
082 _aO153,1x, H0
100 _aਸਿੰਘ, ਬਰਕਤ
245 0 _aਗੁਰਸਿੱਖ ਦਰFਨ
260 _aਅੰਮ੍ਰਿਤਸਰ
_b ਉਤਮ ਸਿੰਘ
_c1925
300 _a244ਪੰ
_ccm.
650 _aਪੰਜਾਬੀ ਸਾਹਿਤ
942 _hO153,1x, H0
_cTEXL
_2CC
999 _c371127
_d371127